| 000 | 01070nam a2200265 a 4500 | ||
|---|---|---|---|
| 001 | 000921234 | ||
| 003 | AM-YeHGA | ||
| 005 | 20250617153636.0 | ||
| 008 | 121019s1959 ||||||||r|||||000|0|rus|d | ||
| 040 | _aAM-YeHGA | ||
| 041 | 0 | _arus | |
| 245 | 0 | 0 | _aТруды первой научной сессии по вопросу проблема жира в питании /. |
| 260 |
_aЛенинград : _b[Б. и.], _c1959. |
||
| 300 |
_a235 с. : _bил. ; _c26 см. |
||
| 650 | 1 | 4 | _aКонференции |
| 650 | 1 | 4 | _aПитание, потребность в питании |
| 650 | 1 | 4 | _aЖиры пищевые |
| 650 | 1 | 4 | _aПитательная ценность |
| 650 | 1 | 4 | _aДиета с ограничением жиров |
| 650 | 1 | 4 |
_aОжирение патологическое _xЭтиология _xПатофизиология _xТерапия |
| 650 | 1 | 4 | _aНаучные исследования |
| 700 | 1 |
_aКадыков, Б.И. _eред. _4edt |
|
| 710 | 2 | _aИнститут радиационной гигиены | |
| 090 | _c397385 | ||
| 999 |
_c395339 _d395339 |
||